[Event "Landsturneringen 2017"]
[Site "Clarion Energy Hotel, Stavanger"]
[Date "2017.07.04"]
[Round "5"]
[White "Urkedal, Frode Olav Olsen"]
[Black "Hammer, Jon Ludvig"]
[Result "0-1"]
[WhiteElo "2541"]
[BlackElo "2628"]
[PlyCount "132"]

1. d4 {[%clk 1:30:56]} Nf6 {[%clk 1:30:55]} 2. c4 {[%clk 1:31:22]} e6
{[%clk 1:31:20]} 3. Nc3 {[%clk 1:31:41]} Bb4 {[%clk 1:31:44]} 4. Qc2
{[%clk 1:31:52]} d5 {[%clk 1:32:06]} 5. a3 {[%clk 1:32:08]} Bxc3+
{[%clk 1:32:30]} 6. Qxc3 {[%clk 1:32:34]} Ne4 {[%clk 1:30:13]} 7. Qc2
{[%clk 1:32:40]} c5 {[%clk 1:30:38]} 8. dxc5 {[%clk 1:33:01]} Nc6
{[%clk 1:31:02]} 9. e3 {[%clk 1:29:55]} Qa5+ {[%clk 1:30:49]} 10. Bd2
{[%clk 1:30:16]} Nxd2 {[%clk 1:31:11]} 11. Qxd2 {[%clk 1:30:42]} dxc4
{[%clk 1:31:31]} 12. Bxc4 {[%clk 1:30:53]} Qxc5 {[%clk 1:31:50]} 13. Rc1
{[%clk 1:31:18]} Qe7 {[%clk 1:32:00]} 14. Nf3 {[%clk 1:30:25]} O-O
{[%clk 1:32:21]} 15. e4 {[%clk 1:26:50]} Rd8 {[%clk 1:32:46]} 16. Qe3
{[%clk 1:27:14]} Bd7 {[%clk 1:33:10]} 17. O-O {[%clk 1:26:25]} Rac8
{[%clk 1:31:55]} 18. b4 {[%clk 1:24:55]} Be8 {[%clk 1:25:21]} 19. Be2
{[%clk 1:02:01]} a6 {[%clk 0:42:40]} 20. Rc5 {[%clk 0:57:11]} Nb8
{[%clk 0:42:00]} 21. Rfc1 {[%clk 0:52:30]} Rxc5 {[%clk 0:42:17]} 22. Rxc5
{[%clk 0:52:45]} Bc6 {[%clk 0:40:07]} 23. Rc1 {[%clk 0:40:33]} h6
{[%clk 0:37:50]} 24. h3 {[%clk 0:36:32]} Qf6 {[%clk 0:37:15]} 25. e5
{[%clk 0:35:39]} Qg6 {[%clk 0:27:38]} 26. Rc4 {[%clk 0:27:57]} Bb5
{[%clk 0:28:04]} 27. Rc7 {[%clk 0:17:10]} Bc6 {[%clk 0:27:16]} 28. Qf4
{[%clk 0:14:12]} Nd7 {[%clk 0:23:12]} 29. Qh4 {[%clk 0:14:29]} f6
{[%clk 0:19:05]} 30. Qd4 {[%clk 0:10:45]} fxe5 {[%clk 0:18:03]} 31. Qd6
{[%clk 0:10:37]} Qf6 {[%clk 0:07:59]} 32. Bc4 {[%clk 0:08:07]} Nf8
{[%clk 0:08:23]} 33. Qxe5 {[%clk 0:08:29]} Rd1+ {[%clk 0:08:49]} 34. Kh2
{[%clk 0:08:49]} Bxf3 {[%clk 0:09:12]} 35. Qxf6 {[%clk 0:09:11]} gxf6
{[%clk 0:09:40]} 36. gxf3 {[%clk 0:09:31]} b5 {[%clk 0:10:06]} 37. Ba2
{[%clk 0:07:21]} Rd2 {[%clk 0:02:23]} 38. Bb1 {[%clk 0:07:44]} Rxf2+
{[%clk 0:02:49]} 39. Kg3 {[%clk 0:08:09]} Rb2 {[%clk 0:02:57]} 40. Bc2
{[%clk 0:06:41]} Ra2 {[%clk 0:02:30]} 41. Rc3 {[%clk 0:05:33]} f5
{[%clk 0:29:45]} 42. Bb3 {[%clk 0:27:55]} Rb2 {[%clk 0:30:08]} 43. f4
{[%clk 0:24:20]} Rd2 {[%clk 0:25:59]} 44. Kf3 {[%clk 0:22:23]} Kf7
{[%clk 0:24:18]} 45. Ke3 {[%clk 0:22:20]} Rd6 {[%clk 0:18:18]} 46. Rd3
{[%clk 0:07:35]} Ke7 {[%clk 0:17:21]} 47. Bd1 {[%clk 0:07:08]} Rxd3+
{[%clk 0:03:20]} 48. Kxd3 {[%clk 0:07:35]} Ng6 {[%clk 0:03:45]} 49. Ke3
{[%clk 0:08:00]} Nh4 {[%clk 0:04:09]} 50. Kf2 {[%clk 0:07:33]} Ng6
{[%clk 0:04:20]} 51. Ke3 {[%clk 0:07:55]} Kd6 {[%clk 0:04:23]} 52. Bf3
{[%clk 0:08:09]} Kc7 {[%clk 0:04:47]} 53. Bh5 {[%clk 0:07:39]} Ne7
{[%clk 0:03:54]} 54. Bf3 {[%clk 0:06:22]} Nc6 {[%clk 0:04:11]} 55. Bg2
{[%clk 0:06:05]} Kd6 {[%clk 0:02:11]} 56. h4 {[%clk 0:05:47]} Kc7
{[%clk 0:02:09]} 57. Bh1 {[%clk 0:05:39]} Ne7 {[%clk 0:02:28]} 58. Bf3
{[%clk 0:04:04]} Kd6 {[%clk 0:02:27]} 59. Bb7 {[%clk 0:04:05]} Nd5+
{[%clk 0:02:40]} 60. Kf3 {[%clk 0:04:30]} Nb6 {[%clk 0:00:43]} 61. Bxa6
{[%clk 0:04:17]} Kc6 {[%clk 0:01:11]} 62. Ke3 {[%clk 0:03:21]} Nd5+
{[%clk 0:01:31]} 63. Kf3 {[%clk 0:03:39]} Ne7 {[%clk 0:01:57]} 64. a4
{[%clk 0:01:14]} bxa4 {[%clk 0:02:26]} 65. Bc4 {[%clk 0:01:38]} Nd5
{[%clk 0:02:49]} 66. h5 {[%clk 0:01:51]} a3 {[%clk 0:02:59]}
0-1

[Event "Landsturneringen 2017"]
[Site "Clarion Energy Hotel, Stavanger"]
[Date "2017.07.04"]
[Round "5"]
[White "Agdestein, Simen"]
[Black "Lie, Kjetil A."]
[Result "1/2-1/2"]
[WhiteElo "2604"]
[BlackElo "2539"]
[PlyCount "140"]

1. d4 {[%clk 1:30:54]} Nf6 {[%clk 1:30:46]} 2. c4 {[%clk 1:31:10]} e6
{[%clk 1:30:48]} 3. Nc3 {[%clk 1:31:27]} Bb4 {[%clk 1:30:35]} 4. e3
{[%clk 1:31:39]} O-O {[%clk 1:28:57]} 5. Bd3 {[%clk 1:31:48]} c5 {[%clk 1:27:48]}
6. Nf3 {[%clk 1:30:23]} d5 {[%clk 1:27:29]} 7. O-O {[%clk 1:30:08]} dxc4
{[%clk 1:26:54]} 8. Bxc4 {[%clk 1:30:33]} cxd4 {[%clk 1:27:18]} 9. exd4
{[%clk 1:30:56]} b6 {[%clk 1:27:12]} 10. Bg5 {[%clk 1:22:11]} Bb7
{[%clk 1:25:40]} 11. Re1 {[%clk 1:08:31]} Nbd7 {[%clk 1:20:59]} 12. Rc1
{[%clk 1:05:48]} Rc8 {[%clk 1:16:39]} 13. Bd3 {[%clk 1:01:11]} h6
{[%clk 1:11:58]} 14. Bh4 {[%clk 1:00:09]} Be7 {[%clk 1:09:07]} 15. Bb1
{[%clk 0:55:19]} Re8 {[%clk 1:06:35]} 16. Qd3 {[%clk 0:43:05]} Nf8
{[%clk 1:01:46]} 17. Ne5 {[%clk 0:42:50]} N6d7 {[%clk 0:53:55]} 18. Bg3
{[%clk 0:36:54]} Nxe5 {[%clk 0:51:07]} 19. Bxe5 {[%clk 0:36:22]} Ng6
{[%clk 0:38:43]} 20. Bg3 {[%clk 0:32:48]} Bh4 {[%clk 0:32:23]} 21. Rcd1
{[%clk 0:23:07]} Qf6 {[%clk 0:20:35]} 22. Ne4 {[%clk 0:10:25]} Bxe4
{[%clk 0:20:29]} 23. Qxe4 {[%clk 0:07:05]} Bxg3 {[%clk 0:20:41]} 24. hxg3
{[%clk 0:07:15]} Rcd8 {[%clk 0:19:58]} 25. d5 {[%clk 0:06:01]} Re7
{[%clk 0:14:19]} 26. dxe6 {[%clk 0:05:02]} Rxe6 {[%clk 0:14:26]} 27. Qc2
{[%clk 0:04:09]} Rde8 {[%clk 0:12:26]} 28. Rxe6 {[%clk 0:04:17]} Qxe6
{[%clk 0:12:51]} 29. b4 {[%clk 0:03:35]} Qg4 {[%clk 0:10:21]} 30. a3
{[%clk 0:01:55]} Nf8 {[%clk 0:06:34]} 31. Qd3 {[%clk 0:01:39]} g6
{[%clk 0:06:25]} 32. Ba2 {[%clk 0:01:29]} Qe2 {[%clk 0:05:54]} 33. Bc4
{[%clk 0:01:03]} Qxd3 {[%clk 0:05:26]} 34. Rxd3 {[%clk 0:01:28]} Re1+
{[%clk 0:05:38]} 35. Kh2 {[%clk 0:01:56]} Kg7 {[%clk 0:05:39]} 36. Rc3
{[%clk 0:00:40]} Nd7 {[%clk 0:03:36]} 37. g4 {[%clk 0:00:41]} Ne5
{[%clk 0:03:08]} 38. f3 {[%clk 0:01:08]} Nxc4 {[%clk 0:02:28]} 39. Rxc4
{[%clk 0:01:35]} Ra1 {[%clk 0:02:12]} 40. Rc3 {[%clk 0:01:59]} Ra2
{[%clk 0:01:25]} 41. f4 {[%clk 0:22:56]} g5 {[%clk 0:27:43]} 42. Kg3
{[%clk 0:17:42]} a5 {[%clk 0:21:13]} 43. Kf3 {[%clk 0:12:59]} gxf4
{[%clk 0:19:25]} 44. bxa5 {[%clk 0:06:39]} bxa5 {[%clk 0:19:49]} 45. Kxf4
{[%clk 0:07:02]} Kg6 {[%clk 0:18:02]} 46. Kg3 {[%clk 0:03:06]} a4
{[%clk 0:16:54]} 47. Kh4 {[%clk 0:00:45]} Ra1 {[%clk 0:16:43]} 48. Rc6+
{[%clk 0:00:58]} f6 {[%clk 0:17:06]} 49. Rc3 {[%clk 0:01:07]} Rh1+
{[%clk 0:16:48]} 50. Kg3 {[%clk 0:01:29]} Rb1 {[%clk 0:16:50]} 51. Kf4
{[%clk 0:01:34]} Rb3 {[%clk 0:11:54]} 52. Rf3 {[%clk 0:00:48]} Rb2
{[%clk 0:10:57]} 53. Rd3 {[%clk 0:00:40]} Rf2+ {[%clk 0:10:22]} 54. Kg3
{[%clk 0:00:59]} Rc2 {[%clk 0:10:21]} 55. Rf3 {[%clk 0:00:43]} Rb2
{[%clk 0:09:46]} 56. Kh4 {[%clk 0:00:33]} Rb3 {[%clk 0:09:12]} 57. Rh3
{[%clk 0:00:49]} Rb2 {[%clk 0:05:44]} 58. Rf3 {[%clk 0:01:01]} Ra2
{[%clk 0:05:25]} 59. Rc3 {[%clk 0:00:51]} Ra1 {[%clk 0:04:41]} 60. Rf3
{[%clk 0:00:48]} Rh1+ {[%clk 0:04:07]} 61. Kg3 {[%clk 0:00:42]} Rc1
{[%clk 0:04:25]} 62. Rf4 {[%clk 0:00:46]} Rc3+ {[%clk 0:04:45]} 63. Rf3
{[%clk 0:01:14]} Rb3 {[%clk 0:04:29]} 64. Kf4 {[%clk 0:00:59]} Rb2
{[%clk 0:04:06]} 65. Kg3 {[%clk 0:01:01]} Kf7 {[%clk 0:04:01]} 66. Kh4
{[%clk 0:00:45]} Rb3 {[%clk 0:03:46]} 67. Kh5 {[%clk 0:00:45]} Kg7
{[%clk 0:03:37]} 68. Kh4 {[%clk 0:00:52]} Kg6 {[%clk 0:03:59]} 69. Rh3
{[%clk 0:01:16]} Rb2 {[%clk 0:02:59]} 70. Rf3 {[%clk 0:01:25]} Rb3
{[%clk 0:02:16]}
1/2-1/2

[Event "Landsturneringen 2017"]
[Site "Clarion Energy Hotel, Stavanger"]
[Date "2017.07.04"]
[Round "5"]
[White "Christiansen, Johan-Sebastian"]
[Black "Haug, Johannes"]
[Result "1/2-1/2"]
[WhiteElo "2458"]
[BlackElo "2335"]
[PlyCount "199"]

1. e4 {[%clk 1:30:58]} c6 {[%clk 1:29:53]} 2. Nc3 {[%clk 1:31:23]} d5
{[%clk 1:29:58]} 3. d4 {[%clk 1:31:52]} dxe4 {[%clk 1:29:58]} 4. Nxe4
{[%clk 1:32:18]} Bf5 {[%clk 1:29:59]} 5. Ng3 {[%clk 1:32:45]} Bg6
{[%clk 1:29:14]} 6. h4 {[%clk 1:33:13]} h6 {[%clk 1:29:14]} 7. Nh3
{[%clk 1:33:41]} Nf6 {[%clk 1:20:15]} 8. Nf4 {[%clk 1:34:09]} Bh7
{[%clk 1:20:09]} 9. Bc4 {[%clk 1:34:38]} e6 {[%clk 1:18:56]} 10. O-O
{[%clk 1:35:06]} Bd6 {[%clk 1:11:24]} 11. Nxe6 {[%clk 1:35:34]} fxe6
{[%clk 1:10:20]} 12. Bxe6 {[%clk 1:36:02]} Qc7 {[%clk 0:48:19]} 13. Re1
{[%clk 1:36:14]} Bxg3 {[%clk 0:36:51]} 14. fxg3 {[%clk 1:36:39]} Qxg3
{[%clk 0:35:11]} 15. Re3 {[%clk 1:37:08]} Qd6 {[%clk 0:30:54]} 16. Qf3
{[%clk 1:25:39]} Nbd7 {[%clk 0:22:21]} 17. Bh3+ {[%clk 1:25:14]} Kf7
{[%clk 0:13:12]} 18. Be6+ {[%clk 1:23:43]} Ke7 {[%clk 0:05:30]} 19. Bd2
{[%clk 1:01:58]} Rae8 {[%clk 0:03:12]} 20. a3 {[%clk 1:02:27]} Kd8
{[%clk 0:02:58]} 21. Bb4 {[%clk 1:02:45]} Qxe6 {[%clk 0:02:08]} 22. Rxe6
{[%clk 1:03:05]} Rxe6 {[%clk 0:02:30]} 23. c4 {[%clk 1:02:39]} Be4
{[%clk 0:01:43]} 24. Qg3 {[%clk 1:03:08]} g5 {[%clk 0:01:00]} 25. Re1
{[%clk 0:58:20]} Rg8 {[%clk 0:00:54]} 26. d5 {[%clk 0:55:08]} cxd5
{[%clk 0:00:53]} 27. cxd5 {[%clk 0:55:37]} Bxd5 {[%clk 0:00:44]} 28. Rxe6
{[%clk 0:55:41]} Bxe6 {[%clk 0:00:42]} 29. Qe3 {[%clk 0:56:10]} Bd5
{[%clk 0:00:31]} 30. Be7+ {[%clk 0:56:38]} Kc8 {[%clk 0:00:44]} 31. Bxf6
{[%clk 0:56:52]} Nxf6 {[%clk 0:00:40]} 32. Qc3+ {[%clk 0:57:20]} Kd7
{[%clk 0:00:43]} 33. Qxf6 {[%clk 0:57:48]} gxh4 {[%clk 0:01:00]} 34. Qxh4
{[%clk 0:56:43]} Rxg2+ {[%clk 0:00:41]} 35. Kf1 {[%clk 0:57:12]} Bc6
{[%clk 0:00:33]} 36. Qxh6 {[%clk 0:53:08]} a6 {[%clk 0:00:37]} 37. Ke1
{[%clk 0:53:37]} Kc7 {[%clk 0:00:36]} 38. Kd1 {[%clk 0:53:33]} Kb8
{[%clk 0:00:35]} 39. Kc1 {[%clk 0:53:57]} Ka7 {[%clk 0:00:36]} 40. Qh8
{[%clk 0:53:47]} Kb6 {[%clk 0:00:32]} 41. Qd4+ {[%clk 0:53:22]} Kc7
{[%clk 0:23:53]} 42. Kb1 {[%clk 1:23:51]} Kb8 {[%clk 0:17:00]} 43. Ka2
{[%clk 1:23:50]} Re2 {[%clk 0:12:23]} 44. Kb3 {[%clk 1:22:44]} Re4
{[%clk 0:12:32]} 45. Qd8+ {[%clk 1:22:36]} Ka7 {[%clk 0:12:52]} 46. Kc3
{[%clk 1:23:04]} b6 {[%clk 0:02:08]} 47. b4 {[%clk 1:20:14]} Re3+
{[%clk 0:01:02]} 48. Kb2 {[%clk 1:17:55]} Re2+ {[%clk 0:00:46]} 49. Kc1
{[%clk 1:18:22]} Rg2 {[%clk 0:00:34]} 50. Qe7+ {[%clk 1:17:10]} Kb8
{[%clk 0:00:33]} 51. Kd1 {[%clk 1:15:39]} b5 {[%clk 0:00:39]} 52. Kc1
{[%clk 1:15:38]} Bb7 {[%clk 0:00:48]} 53. Qd7 {[%clk 1:15:32]} Ka8
{[%clk 0:00:35]} 54. Qc7 {[%clk 1:15:54]} Rg8 {[%clk 0:00:32]} 55. Kd2
{[%clk 1:16:08]} Rc8 {[%clk 0:00:54]} 56. Qd7 {[%clk 1:15:56]} Ka7
{[%clk 0:00:57]} 57. Kd3 {[%clk 1:16:04]} Rc6 {[%clk 0:00:49]} 58. Kd4
{[%clk 1:15:58]} Rc8 {[%clk 0:00:48]} 59. Ke5 {[%clk 1:16:10]} Rc6
{[%clk 0:01:09]} 60. Qd8 {[%clk 1:16:18]} Ba8 {[%clk 0:00:53]} 61. Qd4+
{[%clk 1:15:11]} Kb8 {[%clk 0:01:05]} 62. Qf4 {[%clk 1:14:38]} Bb7
{[%clk 0:00:50]} 63. Qf8+ {[%clk 1:14:24]} Ka7 {[%clk 0:01:04]} 64. Qf2+
{[%clk 1:14:50]} Kb8 {[%clk 0:01:21]} 65. Qg1 {[%clk 1:15:16]} Ka8
{[%clk 0:01:24]} 66. Qg8+ {[%clk 1:14:59]} Ka7 {[%clk 0:01:29]} 67. Qf8
{[%clk 1:15:16]} Ba8 {[%clk 0:01:06]} 68. Qf2+ {[%clk 1:15:39]} Kb8
{[%clk 0:01:16]} 69. Qg3 {[%clk 1:16:07]} Bb7 {[%clk 0:00:53]} 70. Ke4+
{[%clk 1:09:05]} Ka8 {[%clk 0:01:03]} 71. Kd4 {[%clk 1:09:33]} Rc4+
{[%clk 0:01:00]} 72. Ke5 {[%clk 1:09:53]} Rc6 {[%clk 0:01:24]} 73. Qb3
{[%clk 1:07:19]} Ka7 {[%clk 0:01:37]} 74. a4 {[%clk 1:06:59]} bxa4
{[%clk 0:01:39]} 75. Qxa4 {[%clk 1:07:27]} Kb8 {[%clk 0:01:30]} 76. Qa5
{[%clk 1:07:41]} Ba8 {[%clk 0:00:48]} 77. Qd8+ {[%clk 1:07:31]} Ka7
{[%clk 0:00:46]} 78. Qd4+ {[%clk 1:07:59]} Kb8 {[%clk 0:01:03]} 79. Kd5
{[%clk 1:08:26]} Bb7 {[%clk 0:00:48]} 80. Qf4+ {[%clk 1:07:51]} Ka8
{[%clk 0:00:56]} 81. Kd4 {[%clk 1:07:27]} Rc8 {[%clk 0:00:51]} 82. Qf7
{[%clk 1:07:10]} Rc6 {[%clk 0:01:03]} 83. Qg8+ {[%clk 1:07:36]} Rc8
{[%clk 0:01:01]} 84. Qa2 {[%clk 1:08:03]} Kb8 {[%clk 0:01:11]} 85. Qa5
{[%clk 1:07:31]} Rc6 {[%clk 0:01:05]} 86. Ke5 {[%clk 1:07:59]} Ba8
{[%clk 0:00:57]} 87. Kd5 {[%clk 1:07:08]} Rh6+ {[%clk 0:00:52]} 88. Kd4
{[%clk 1:07:22]} Rc6 {[%clk 0:01:13]} 89. Qa4 {[%clk 1:07:48]} Bb7
{[%clk 0:01:34]} 90. Kd5 {[%clk 1:07:52]} Rh6+ {[%clk 0:01:12]} 91. Kc5
{[%clk 1:08:09]} Rc6+ {[%clk 0:01:08]} 92. Qxc6 {[%clk 1:08:33]} Bxc6
{[%clk 0:01:32]} 93. Kxc6 {[%clk 1:09:00]} a5 {[%clk 0:01:48]} 94. bxa5
{[%clk 1:09:27]} Ka7 {[%clk 0:02:10]} 95. Kb5 {[%clk 1:09:54]} Kb7
{[%clk 0:02:35]} 96. a6+ {[%clk 1:10:21]} Ka7 {[%clk 0:02:56]} 97. Ka5
{[%clk 1:10:46]} Ka8 {[%clk 0:03:19]} 98. Kb6 {[%clk 1:11:11]} Kb8
{[%clk 0:03:44]} 99. a7+ {[%clk 1:11:38]} Ka8 {[%clk 0:04:09]} 100. Ka6
{[%clk 1:12:05]}
1/2-1/2

[Event "Landsturneringen 2017"]
[Site "Clarion Energy Hotel, Stavanger"]
[Date "2017.07.04"]
[Round "5"]
[White "Moen, Andreas G.R."]
[Black "Tari, Aryan"]
[Result "0-1"]
[WhiteElo "2330"]
[BlackElo "2593"]
[PlyCount "74"]

1. e4 {[%clk 1:30:34]} c5 {[%clk 1:30:33]} 2. Nf3 {[%clk 1:30:52]} d6
{[%clk 1:30:50]} 3. d4 {[%clk 1:30:28]} cxd4 {[%clk 1:31:13]} 4. Nxd4
{[%clk 1:30:53]} Nf6 {[%clk 1:31:35]} 5. Nc3 {[%clk 1:31:19]} a6 {[%clk 1:31:32]}
6. Be3 {[%clk 1:27:01]} e5 {[%clk 1:30:47]} 7. Nb3 {[%clk 1:27:12]} Be6
{[%clk 1:31:03]} 8. f3 {[%clk 1:24:08]} Nbd7 {[%clk 1:30:51]} 9. g4
{[%clk 1:22:00]} b5 {[%clk 1:29:44]} 10. g5 {[%clk 1:13:27]} Nh5 {[%clk 1:29:59]}
11. Qd2 {[%clk 1:06:46]} Be7 {[%clk 1:29:02]} 12. O-O-O {[%clk 1:01:54]} Nb6
{[%clk 1:26:28]} 13. Na5 {[%clk 0:58:29]} Qc7 {[%clk 1:18:03]} 14. Nd5
{[%clk 0:39:52]} Nxd5 {[%clk 1:16:57]} 15. exd5 {[%clk 0:40:15]} Bd7
{[%clk 1:17:22]} 16. Nc6 {[%clk 0:39:01]} Bxc6 {[%clk 1:11:39]} 17. dxc6
{[%clk 0:39:20]} Qxc6 {[%clk 1:10:10]} 18. f4 {[%clk 0:39:09]} Nxf4
{[%clk 0:53:49]} 19. Bxf4 {[%clk 0:35:50]} exf4 {[%clk 0:54:03]} 20. Qxf4
{[%clk 0:33:56]} h6 {[%clk 0:42:59]} 21. gxh6 {[%clk 0:32:28]} Rxh6
{[%clk 0:42:07]} 22. Bd3 {[%clk 0:27:19]} Rd8 {[%clk 0:36:49]} 23. h4
{[%clk 0:23:44]} Qc5 {[%clk 0:34:53]} 24. Kb1 {[%clk 0:22:03]} Kf8
{[%clk 0:33:22]} 25. h5 {[%clk 0:20:08]} Bf6 {[%clk 0:32:47]} 26. Qg4
{[%clk 0:12:15]} Re8 {[%clk 0:28:55]} 27. a3 {[%clk 0:05:29]} a5 {[%clk 0:21:48]}
28. Bf5 {[%clk 0:03:30]} b4 {[%clk 0:19:08]} 29. Rhe1 {[%clk 0:03:22]} Rb8
{[%clk 0:11:39]} 30. a4 {[%clk 0:03:46]} Bc3 {[%clk 0:07:02]} 31. Re4
{[%clk 0:02:46]} b3 {[%clk 0:06:34]} 32. Rc4 {[%clk 0:02:24]} bxc2+
{[%clk 0:06:43]} 33. Kxc2 {[%clk 0:02:29]} Qf2+ {[%clk 0:06:37]} 34. Kd3
{[%clk 0:01:36]} Bxb2 {[%clk 0:06:46]} 35. Rc8+ {[%clk 0:00:32]} Rxc8
{[%clk 0:07:07]} 36. Bxc8 {[%clk 0:01:00]} Rf6 {[%clk 0:07:05]} 37. Bb7
{[%clk 0:01:19]} Re6 {[%clk 0:06:33]}
0-1

[Event "Landsturneringen 2017"]
[Site "Clarion Energy Hotel, Stavanger"]
[Date "2017.07.04"]
[Round "5"]
[White "Elsness, Frode"]
[Black "Lie, Espen"]
[Result "1/2-1/2"]
[WhiteElo "2466"]
[BlackElo "2462"]
[PlyCount "76"]

1. d4 {[%clk 1:30:59]} d5 {[%clk 1:30:51]} 2. c4 {[%clk 1:31:23]} dxc4
{[%clk 1:31:17]} 3. e4 {[%clk 1:31:31]} b5 {[%clk 1:31:33]} 4. a4
{[%clk 1:30:43]} c6 {[%clk 1:31:37]} 5. axb5 {[%clk 1:24:51]} cxb5
{[%clk 1:31:59]} 6. b3 {[%clk 1:25:17]} e6 {[%clk 1:23:48]} 7. Nf3
{[%clk 1:18:23]} Nf6 {[%clk 1:19:50]} 8. bxc4 {[%clk 1:17:46]} Nxe4
{[%clk 1:18:50]} 9. Bd3 {[%clk 1:03:10]} Bb7 {[%clk 1:07:42]} 10. Qb3
{[%clk 0:53:22]} b4 {[%clk 1:02:51]} 11. O-O {[%clk 0:51:27]} Be7
{[%clk 1:00:41]} 12. c5 {[%clk 0:45:32]} a5 {[%clk 0:50:26]} 13. Ne5
{[%clk 0:38:55]} O-O {[%clk 0:34:07]} 14. c6 {[%clk 0:33:47]} Nxc6
{[%clk 0:34:06]} 15. Bxe4 {[%clk 0:34:07]} Nxd4 {[%clk 0:33:43]} 16. Qd3
{[%clk 0:33:33]} Bxe4 {[%clk 0:33:16]} 17. Qxe4 {[%clk 0:34:01]} Qd5
{[%clk 0:31:14]} 18. Qxd5 {[%clk 0:28:31]} exd5 {[%clk 0:31:42]} 19. Ra4
{[%clk 0:26:31]} Rfc8 {[%clk 0:28:18]} 20. Nd3 {[%clk 0:21:54]} Rc4
{[%clk 0:23:36]} 21. Re1 {[%clk 0:17:58]} Ne6 {[%clk 0:19:44]} 22. Bb2
{[%clk 0:15:33]} Bf6 {[%clk 0:18:09]} 23. Kf1 {[%clk 0:09:55]} h6
{[%clk 0:16:09]} 24. Bxf6 {[%clk 0:09:40]} gxf6 {[%clk 0:16:38]} 25. Ke2
{[%clk 0:08:57]} Re4+ {[%clk 0:16:23]} 26. Kf1 {[%clk 0:07:05]} Rd4
{[%clk 0:15:42]} 27. Nb2 {[%clk 0:06:56]} Nc5 {[%clk 0:15:06]} 28. Ra1
{[%clk 0:07:19]} a4 {[%clk 0:12:42]} 29. Rd1 {[%clk 0:07:41]} Rxd1+
{[%clk 0:11:10]} 30. Nxd1 {[%clk 0:08:10]} a3 {[%clk 0:10:53]} 31. Ra2
{[%clk 0:03:08]} Nb3 {[%clk 0:07:41]} 32. Ne3 {[%clk 0:03:36]} Nc1
{[%clk 0:06:05]} 33. Ra1 {[%clk 0:04:01]} Nb3 {[%clk 0:06:31]} 34. Ra2
{[%clk 0:04:28]} d4 {[%clk 0:06:18]} 35. Nd5 {[%clk 0:03:32]} Nc1
{[%clk 0:06:23]} 36. Ra1 {[%clk 0:04:00]} Nb3 {[%clk 0:06:42]} 37. Ra2
{[%clk 0:04:28]} Nc1 {[%clk 0:07:05]} 38. Ra1 {[%clk 0:04:54]} Nb3
{[%clk 0:03:01]}
1/2-1/2

[Event "Landsturneringen 2017"]
[Site "Clarion Energy Hotel, Stavanger"]
[Date "2017.07.04"]
[Round "5"]
[White "Holm, Kristian Stuvik"]
[Black "Hauge, Lars Oskar"]
[Result "1/2-1/2"]
[WhiteElo "2403"]
[BlackElo "2448"]
[PlyCount "62"]

1. d4 {[%clk 1:30:58]} Nf6 {[%clk 1:29:33]} 2. Bf4 {[%clk 1:31:21]} d5
{[%clk 1:29:54]} 3. e3 {[%clk 1:31:38]} e6 {[%clk 1:30:16]} 4. Nd2
{[%clk 1:31:56]} c5 {[%clk 1:30:16]} 5. c3 {[%clk 1:32:18]} Nc6 {[%clk 1:30:36]}
6. Ngf3 {[%clk 1:32:36]} Bd6 {[%clk 1:30:41]} 7. Bg3 {[%clk 1:32:58]} O-O
{[%clk 1:30:24]} 8. Bb5 {[%clk 1:33:16]} Bxg3 {[%clk 1:30:45]} 9. hxg3
{[%clk 1:33:27]} Qb6 {[%clk 1:31:07]} 10. Bxc6 {[%clk 1:31:33]} bxc6
{[%clk 1:30:48]} 11. Qc2 {[%clk 1:31:46]} Rb8 {[%clk 1:27:36]} 12. Rb1
{[%clk 1:31:59]} cxd4 {[%clk 1:24:30]} 13. cxd4 {[%clk 1:31:12]} Ba6
{[%clk 1:21:49]} 14. Ne5 {[%clk 1:30:32]} Qb5 {[%clk 1:17:25]} 15. Nb3
{[%clk 1:29:23]} Ne4 {[%clk 1:13:24]} 16. f3 {[%clk 1:28:15]} f6 {[%clk 1:13:25]}
17. Nxc6 {[%clk 1:26:08]} Rfc8 {[%clk 1:13:05]} 18. Ne7+ {[%clk 1:23:46]} Kf7
{[%clk 1:13:21]} 19. Nxc8 {[%clk 1:24:09]} Rxc8 {[%clk 1:13:00]} 20. Qd1
{[%clk 1:21:18]} Qb4+ {[%clk 1:08:14]} 21. Nd2 {[%clk 1:21:42]} Nxg3
{[%clk 1:08:27]} 22. Rh3 {[%clk 1:18:42]} Nf1 {[%clk 1:08:28]} 23. f4
{[%clk 1:17:09]} Bd3 {[%clk 1:06:40]} 24. Rc1 {[%clk 1:16:20]} Nxd2
{[%clk 1:06:49]} 25. Rxc8 {[%clk 1:16:36]} Ne4+ {[%clk 1:07:02]} 26. Rc3
{[%clk 1:17:00]} Nxc3 {[%clk 1:07:24]} 27. bxc3 {[%clk 1:16:05]} Qxc3+
{[%clk 1:07:33]} 28. Qd2 {[%clk 1:15:48]} Qa1+ {[%clk 1:07:58]} 29. Qd1
{[%clk 1:15:04]} Qc3+ {[%clk 1:08:21]} 30. Qd2 {[%clk 1:15:19]} Qa1+
{[%clk 1:08:43]} 31. Qd1 {[%clk 1:14:28]} Qc3+
1/2-1/2

[Event "Landsturneringen 2017"]
[Site "Clarion Energy Hotel, Stavanger"]
[Date "2017.07.04"]
[Round "5"]
[White "Gandrud, Vegar Koi"]
[Black "Mihajlov, Sebastian"]
[Result "1-0"]
[WhiteElo "2330"]
[BlackElo "2414"]
[PlyCount "93"]

1. d4 {[%clk 1:30:57]} Nf6 {[%clk 1:30:44]} 2. c4 {[%clk 1:31:18]} g6
{[%clk 1:31:10]} 3. Nc3 {[%clk 1:31:42]} Bg7 {[%clk 1:31:36]} 4. e4
{[%clk 1:31:59]} d6 {[%clk 1:32:01]} 5. Nf3 {[%clk 1:32:22]} O-O {[%clk 1:32:23]}
6. Be2 {[%clk 1:32:47]} e5 {[%clk 1:32:49]} 7. d5 {[%clk 1:33:03]} a5
{[%clk 1:33:10]} 8. Be3 {[%clk 1:33:24]} Qe8 {[%clk 1:31:25]} 9. Nd2
{[%clk 1:33:18]} Na6 {[%clk 1:31:29]} 10. a3 {[%clk 1:30:07]} Bd7
{[%clk 1:30:58]} 11. b3 {[%clk 1:30:15]} c6 {[%clk 1:27:38]} 12. O-O
{[%clk 1:29:12]} h6 {[%clk 1:22:18]} 13. Bb6 {[%clk 1:22:45]} c5 {[%clk 1:22:45]}
14. Bxa5 {[%clk 1:22:34]} Qb8 {[%clk 1:23:07]} 15. Nb5 {[%clk 1:21:36]} b6
{[%clk 1:22:01]} 16. Bc3 {[%clk 1:21:51]} h5 {[%clk 1:20:56]} 17. Qc2
{[%clk 1:13:41]} Ne8 {[%clk 1:19:04]} 18. b4 {[%clk 1:05:27]} Bh6
{[%clk 1:17:52]} 19. Nb3 {[%clk 1:02:42]} f5 {[%clk 1:17:56]} 20. exf5
{[%clk 1:01:33]} Bxf5 {[%clk 1:17:58]} 21. Bd3 {[%clk 1:01:52]} Ng7
{[%clk 1:17:04]} 22. Nd2 {[%clk 0:59:01]} Qd8 {[%clk 1:07:01]} 23. Ne4
{[%clk 0:58:05]} Bxe4 {[%clk 1:06:24]} 24. Bxe4 {[%clk 0:58:30]} Nf5
{[%clk 1:06:49]} 25. Qd3 {[%clk 0:50:54]} Kh7 {[%clk 0:55:46]} 26. Bd2
{[%clk 0:45:01]} Bxd2 {[%clk 0:43:01]} 27. Qxd2 {[%clk 0:44:28]} Nc7
{[%clk 0:43:30]} 28. bxc5 {[%clk 0:40:02]} Nxb5 {[%clk 0:43:33]} 29. cxb5
{[%clk 0:40:16]} bxc5 {[%clk 0:43:57]} 30. f4 {[%clk 0:32:01]} exf4
{[%clk 0:43:02]} 31. Rxf4 {[%clk 0:26:28]} Nd4 {[%clk 0:41:09]} 32. Rxf8
{[%clk 0:22:50]} Qxf8 {[%clk 0:41:39]} 33. Qd3 {[%clk 0:22:00]} Kg7
{[%clk 0:39:29]} 34. Rb1 {[%clk 0:19:47]} Qe7 {[%clk 0:34:50]} 35. b6 Rb8 36. a4
{[%clk 0:18:33]} Qe5 {[%clk 0:35:49]} 37. a5 {[%clk 0:16:39]} c4 {[%clk 0:36:18]}
38. Qe3 {[%clk 0:16:22]} c3 {[%clk 0:35:01]} 39. Re1 {[%clk 0:14:17]} c2
{[%clk 0:11:20]} 40. Bxc2 {[%clk 0:09:48]} Nxc2 {[%clk 0:11:47]} 41. Qxe5+
{[%clk 0:10:09]} dxe5 {[%clk 0:12:17]} 42. Rb1 {[%clk 0:09:14]} Na3
{[%clk 0:12:46]} 43. a6 {[%clk 0:08:50]} Nxb1 {[%clk 0:13:11]} 44. a7
{[%clk 0:08:48]} Rxb6 {[%clk 0:13:18]} 45. a8=Q {[%clk 0:09:09]} Rd6
{[%clk 0:12:30]} 46. Qc6 {[%clk 0:08:11]} Rf6 {[%clk 0:11:41]} 47. Qb7+
{[%clk 0:08:36]}
1-0